FORTRAN to PL/I dictionary, PL/I to FORTRAN dictionary /

Guardado en:
Autor Principal: Brown, Gary DeWard.
Formato: Libro
Idioma:English
Publicado: Malabar, Fla. : R. E. Krieger, 1983, c1975.
Materias:
Etiquetas: Agregar Etiqueta
Sin Etiquetas, Sea el primero en etiquetar este registro!
LEADER 00794pam a2200217 a 4500
001 MAT.inmabb004527
008 821025r19831975flua#####d####001#0#eng##
005 20160606163605.0
245 1 0 |a FORTRAN to PL/I dictionary, PL/I to FORTRAN dictionary /  |c Gary DeWard Brown. 
260 |a Malabar, Fla. :  |b R. E. Krieger,  |c 1983, c1975. 
300 |a xi, 204 p. :  |b il. ;  |c 24 cm. 
500 |a Reimpresión. Publicado originalmente: New York : Wiley, c1975. 
020 |a 089874587X 
100 1 |a Brown, Gary DeWard. 
246 3 0 |a PL/I to FORTRAN dictionary 
650 0 |a FORTRAN (Computer program language)  |x Dictionaries. 
650 0 |a PL/I (Computer program language)  |x Dictionaries. 
084 |a 68N15  |2 msc2000 
010 |a  82021283  
040 |a DLC  |c DLC  |d DLC 
859 |h 68  |i B877f  |p A-6648  |b BIB. MATEMATICA